000 00843nam a2200253Ia 4500
003 OSt
005 20220923211044.0
006 a|||||r|||| 00| 0
007 ta
008 220922b |||||||| |||| 00| 0 hin d
020 _a8174531335 (hbk)
_c300
024 _a233,865
037 _b349, 13/03/2008, Swaraj Prakashan
_cTextual
040 _aARTS
_cARTS
_bhin
041 _2hin
_ahin
082 _aO152,1N07:g, P5
100 _aराधिका सिंह
_9157679
245 0 _aमहादेवी का काव्य
246 _ahinādevī kā kāvya
260 _aनई दिल्ली
_b संजय प्रकाशन
_c2005
300 _a197पृ.
_ccm.
942 _hO152,1N07:g, P5
_cTEXL
_2CC
999 _c294591
_d294591